000 01104nam a2200241Ia 4500
001 218
005 20251203123019.0
008 251203t2003||||xx |||||||||||||| ||spa||
020 _a9972969878
041 _aESP
082 _aRD 460
_bS64
100 _aMartí, María Antonia,
_cCOR
110 _aSociedad Comercial y Editorial Santiago
245 0 _aGran diccionario de la lengua española Larousse :
_bTomos 1-12
260 _aSantiago, Chile :
_bSociedad Comercial y Editorial Santiago,
_c2003
300 _axxii, 134 páginas :
_b
_c 29 cm.
_e
440 _a
_n
_v
505 _aContiene: Tomo 1: A/Astrometría. – Tomo 2: Astronauta/ Charrete. – Tomo 3: Charretera/ Darviniano. – Tomo 4: Darvinismo/ Empuje. – Tomo 5: Empujón/Fraternizar. – Tomo 6: Fraterno/ Infortuna. – Tomo 7: Infortunado, A/ Marital. – Tomo 8: Maritata/ Oreoselino. – Tomo 9: Oretano/ Potador, a. – Tomo 10: Potaje/ Rogar. – Tomo 11: Rogativa/ Termotecnia. – Tomo 12: Termoterapia/ Zuzón.
650 _aLEN
653 _aLengua española - Diccionario
654 _aCTP
942 _cDIC
_dJUS
_fMAT
_2ddc
_n
999 _c218
_d218